000 00343nam a2200109Ia 4500
008 171211s9999 xx 000 0 und d
245 _aElasticsearch Server, 2nd Edition
245 _cMarek Rogozinski and Rafal Kuc
260 _c2014
650 _xIT eBOOKS
856 _uhttp://down.ebook777.com/020/Elasticsearch%20Server,%202nd%20Edition.pdf
999 _c349802
_d349802